Významný úspech lekárov Jesseniovej LF UK a MFN v Martine

Bibliographic Details
Main Author: (dm) (Author)
Format: Article
Language:Slovak
PhysicalDescription:Obr.
ISSN:1335-4477
Subjects:

MARC

LEADER 00000nab a2200000 a 4500
001 vtls000846451
003 SK-MaSNL
005 20260302164807.0
008 140303c2003 xo 0 slo
015 |a SNBRB2003/09-25560 
035 |a CLN000198106 
040 |a SNKBUCL  |b slo  |c SNKBUCL  |e AACR2 
041 0 |a slo 
044 |a xo  |c SK 
080 |a 616-079.4(02):658.56  |2 1997 
100 0 |a (dm)  |4 aut  |9 844184 
245 1 0 |a Významný úspech lekárov Jesseniovej LF UK a MFN v Martine  |c [autor] (dm) 
300 |b Obr. 
600 1 7 |a Meško, Dušan,  |d 1956-  |t Diferenciálna diagnostika pomocou laboratórnej medicíny  |2 snkbucl  |9 868299 
600 1 7 |a Pullmann, Rudolf,  |d 1937-  |t Diferenciálna diagnostika pomocou laboratórnej medicíny  |2 snkbucl  |9 169619 
600 1 7 |a Nosáľová, Gabriela,  |d 1942-  |t Diferenciálna diagnostika pomocou laboratórnej medicíny  |2 snkbucl  |9 868300 
650 0 7 |a Zlatá medaila Slovak gold  |y 2003  |2 snkbucl  |9 868301 
655 7 |a články z novín a časopisov  |2 snkbucl  |9 267496 
773 0 |t Zdravotnícke noviny  |g Roč. 8, č. 28 (2003)  |x 1335-4477 
773 0 |t [Príl.] Lekárske listy  |g Č. 28 (2003), s. 21  |x 1335-4477 
850 |a Slovenská národná knižnica v Martine 
852 |a SNK  |b KIS3GCP 
958 |a MI 
958 |a KL 
992 |a RBX 
999 |c 1387913  |d 1389843